00718nam a2200229 i 4500001001000000003000900010005001700019007000300036008004100039020001500080040003000095082000700125100005300132245005300185264004800238300002700286336002700313337003300340338002800373490002900401500005800430000042400DO-SdBNP20241004151228.0ta131128s2003 xxu 000 0 spa d a0970191359 aDO-SdBNPbspacBNPHUerda 42221 aRodríguez Soriano, René,d1950-eautor4aut.10aQueda la Música /cRené Rodríguez Soriano. 4aEstados Unidos :bEditora Baquiana,c2003. a73 páginas ;c19 cm. 2rdacontentatextobtxt 2rdamediaasin mediaciónbn 2rdacarrieravolumenbnc1 aSenderos de la narrativa aIncluye datos biografícos del autor en las solapas